000 00542nam a2200169 i 4500
001 78571
003 ES-MaACL
005 20230906173740.0
007 t|
008 041014s1933 fr ||||1| fre d
100 1 _aHauriou, Maurice.
_962103
245 1 0 _aPrécis de droit administratif et de droit public /
_cpar Maurice Hauriou.
250 _a12ème ed., rev. et mise au courant
_bpar André Hauriou.
260 _aParis :
_bRecueil Sirey.,
_c1933 (
_eBordeaux :
_fDelmas)
300 _aXX, 1150 p. ;
_c23 cm.
852 _aES-MaACL
_jA-1561
999 _c78571
_d78571